000 00925nmc a2200313 a 4500
003 AR-BaBNM
005 20251128210732.0
008 081020s2000 ||||||||||||||000 | spa||
020 _a950-07-1792-1
040 _cAR-BaBNM
245 1 0 _aLos pueblos originarios y la conquista
260 _aBuenos Aires
_bSudamericana
_c2000
300 _a382 p.
_bmapas, láms.
490 0 _aNueva Historia Argentina
_vv. 1
504 _aCada trabajo contiene bibliografía para consultar
650 4 _aHISTORIA ARGENTINA
650 4 _aPERIODO HISPANICO
650 4 _aHISTORIA ECONOMICA
650 4 _aHISTORIA SOCIAL
650 4 _aHISTORIA POLITICA
650 4 _aABORIGENES ARGENTINOS
650 4 _aHISTORIA PROVINCIAL ARGENTINA
650 4 _aCOSTUMBRES Y TRADICIONES
650 4 _aFOLKLORE
700 1 _aTarragó, Myriam Noemí
_edirector
800 1 _aSuriano, Juan
_ecoordinador
942 _cBK
998 _cMariana
999 _c16665
_d16665